Представление документа в формате MARC21

Поле Инд. ПП Название Значение
Тип записи a
Библиографический уровень m
001 Контрольный номер RU/LIBMSTU/285336543
005 Дата корректировки 20200528114112.2
008 Кодируемые данные 090205|||||||||ru |||||||||||000|||rus||
020 a ISBN 978-5-16-002972-6
c Цена, тираж 528-00 ; 260-00
040 b Код языка каталог. rus
041 0_ a Код языка текста rus
084 a Индекс другой классификации/Индекс ББК 65.20+65.26
090 a Полочн. индекс 65.20
x Авторский знак П 56
100 1_ a Автор Пономаренко Е. В.
245 10 a Заглавие Экономика и финансы общественного сектора (основы теории эффективного государства)
b Продолж. заглавия учебник для вузов
c Ответственность Рос. ун-т дружбы народов
260 a Место издания Москва
b Издательство Инфра-М
c Дата издания 2010 ; 2007
300 a Объем 425, [1] с.
b Иллюстрации/ тип воспроизводства ил.
440 _0 a Серия Учебники РУДН
504 a Библиография Библиогр. в подстроч. примеч.
650 04 a Основная рубрика Экономика общественного сектора
653 0_ a Ключевые слова Сектор экономики
653 1_ a Ключевые слова Общественный сектор
653 1_ a Ключевые слова Экономика общественного сектора
653 1_ a Ключевые слова Бюджетная система
653 1_ a Ключевые слова Государственный бюджет
653 1_ a Ключевые слова Налоговые системы
700 12 a Другие авторы Исаев В. А.
901 t Тип документа m
952 b Гриф литературы для ВШ Допущено УМО по образованию в области экономики и экономической теории
b Гриф литературы для ВШ Рекомендовано УМО по образованию в области финансов, учета и мировой экономики
c Вид литературы учебник